| 000 | 00326cam a2200133ua 4500 | ||
|---|---|---|---|
| 020 | _a8120408829 | ||
| 082 |
_a589.222 _bBAH/HA |
||
| 100 |
_aBahl, Nita . _91510 |
||
| 245 | _aHandbook on Mushrooms / | ||
| 250 | _a3 / | ||
| 260 |
_aNew Delhi : _bOxford & IBH Publishing company , _c1998. |
||
| 300 | _a157 ; . | ||
| 942 | _cREF | ||
| 999 |
_c6742 _d6742 |
||